000 00417nam a2200157Ia 4500
008 210719s2004 xx 000 0 und d
041 _aeng
082 _a001.64 MURS
100 _aMURALI (H C)
245 _aStudent information system.
260 _aMangalore
_bDepartment of Computer Science St Aloysius College
_c2004
300 _a68
_bHB
365 _cRs
650 _aProject Reports
906 _aBCA Project
999 _c213892
_d213892